000 00663nam a2200169 4500
003 LK-CoMWRAF
005 20231214190204.0
008 231214b |||||||| |||| 00| 0 eng d
040 _aLK-CoMWRAF
_dLK-CoMWRAF
_eLK-CoMWRAF
041 _asin
082 _a323
_bMAD
245 _aමාධ්‍යවේදීන් සඳහා මානව හිමිකම් :
_bපුහුණු අත් පොත
246 _aMadhya weedin sandaha manawa himikam : Puhunu athpotha
260 _aකොළඹ :
_bමානව හිමිකම් අධ්‍යයන කේන්ද්‍රය,
_c2008
650 _aමානව හිමිකම්
942 _cBK
999 _c4462
_d4462